| 000 | 01158 a2200205 4500 | ||
|---|---|---|---|
| 001 | 39352 | ||
| 005 | 20260407155652.0 | ||
| 008 | 260407a1977 arg spa d | ||
| 003 | AR-UNSa-BCEJYS | ||
| 040 |
_aAR-UNSa-BCEJYS _bspa _cAR-UNSa-BCEJYS |
||
| 080 |
_a347.626.97 _xLiquidación de gananciales. Disolución de la comunidad. Participación en el procedimiento. Restitución de la propiedad compartida |
||
| 245 | 1 | 0 |
_aLiquidación de la sociedad conyugal por causa de divorcio _pprocedimiento |
| 264 | 1 |
_aBuenos Aires : _bPlus Ultra _c1977 |
|
| 300 |
_a155 p. _c23 cm. |
||
| 505 | _a1. Pautas legales para la liquidación de la sociedad conyugal por causa de divorcio - 2. Restitución de los bienes propios - 3. Liquidación simultanea de sociedades sucesicas o superpuestas - 4. El transito hacia la partición - 5. Liquidación privada - 6. Partición mixta - 8. Liquidación judicial: generalidades - 9. Liquidación judicial: inventario y avalúo - 10. Liquidación judicial: administración - 11. Liquidación judicial: La partición | ||
| 041 | _aspa | ||
| 942 | _cBK | ||
| 590 | _aniveau_biblio:m niveau_hierar:0 | ||
| 100 | 1 | _aEscribano, Carlos | |
| 999 |
_c3032 _d3032 |
||